Les régions françaises avec le plus de mariage entre même sexe - Statistiques

Statistiques générales
  • Ce quiz a été pris 128 fois
  • Le résultat moyen est 11 sur 18
Statistiques - réponses
Classement Nombre de mariage en 2023 Régions % Correct
1 1 152 Île-de-France
96%
10 311 Bretagne
81%
2 721 Auvergne-Rhône-Alpes
71%
5 600 Provence-Alpes-Côte d'Azur
71%
9 368 Normandie
68%
4 651 Nouvelle-Aquitaine
68%
14 30 Corse
66%
7 468 Grand Est
64%
3 712 Occitanie
64%
6 589 Hauts-de-France
61%
18 3 Martinique
59%
15 10 Guadeloupe
58%
13 53 La Réunion
56%
8 415 Pays de la Loire
56%
12 232 Centre-Val de Loire
52%
16 6 Guyane
51%
11 289 Bourgogne-Franche-Comté
49%
17 4 Mayotte
48%
Aucun quiz correspondant
Distribution des résultats
% des personnes avec chaque résultat
Percentile par nombre de réponses
Votre historique - résultats
Vous n’avez pas pris ce quiz